|
|
|
|
| LEADER |
01982nam a2200445 i 4500 |
| 001 |
EBC4618898 |
| 003 |
MiAaPQ |
| 005 |
20200520144314.0 |
| 006 |
m o d | |
| 007 |
cr cnu|||||||| |
| 008 |
160824t20162016gw ao ob 001 0 ger d |
| 020 |
|
|
|z 9783110485486
|
| 020 |
|
|
|a 9783110486926
|q (electronic bk.)
|
| 020 |
|
|
|a 9783110486773
|q (electronic bk.)
|
| 035 |
|
|
|a (MiAaPQ)EBC4618898
|
| 035 |
|
|
|a (Au-PeEL)EBL4618898
|
| 035 |
|
|
|a (CaPaEBR)ebr11241238
|
| 035 |
|
|
|a (CaONFJC)MIL943492
|
| 035 |
|
|
|a (OCoLC)957126229
|
| 040 |
|
|
|a MiAaPQ
|b eng
|e rda
|e pn
|c MiAaPQ
|d MiAaPQ
|
| 043 |
|
|
|a e-gx---
|
| 050 |
|
4 |
|a KK2799
|b .P454 2016
|
| 082 |
0 |
|
|a 343.430721
|2 23
|
| 100 |
1 |
|
|a Peifer, Karl-Nikolaus,
|e author.
|
| 245 |
1 |
0 |
|a Lauterkeitsrecht :
|b das wettbewerbsreacht (UWG) in systematik und fallbearbeitung /
|c Karl-Nikolaus Peifer.
|
| 250 |
|
|
|a 2., neu bearbeitete Auflage.
|
| 264 |
|
1 |
|a Berlin, [Germany] ;
|a Boston, [Massachusetts] :
|b De Gruyter,
|c 2016.
|
| 264 |
|
4 |
|c 2016
|
| 300 |
|
|
|a 1 online resource (292 pages) :
|b illustrations, photographs
|
| 336 |
|
|
|a text
|2 rdacontent
|
| 337 |
|
|
|a computer
|2 rdamedia
|
| 338 |
|
|
|a online resource
|2 rdacarrier
|
| 504 |
|
|
|a Includes bibliographical references and index.
|
| 588 |
|
|
|a Description based on online resource; title from PDF title page (ebrary, viewed August 24, 2016).
|
| 590 |
|
|
|a Electronic reproduction. Ann Arbor, MI : ProQuest, 2016. Available via World Wide Web. Access may be limited to ProQuest affiliated libraries.
|
| 650 |
|
0 |
|a Competition, Unfair
|z Germany.
|
| 655 |
|
4 |
|a Electronic books.
|
| 776 |
0 |
8 |
|i Print version:
|a Peifer, Karl-Nikolaus.
|t Lauterkeitsrecht : das wettbewerbsreacht (UWG) in systematik und fallbearbeitung.
|b 2., neu bearbeitete Auflage.
|d Berlin, [Germany] ; Boston, [Massachusetts] : De Gruyter, c2016
|h xxi, 270 pages
|z 9783110485486
|
| 797 |
2 |
|
|a ProQuest (Firm)
|
| 856 |
4 |
0 |
|u https://ebookcentral.proquest.com/lib/matrademy/detail.action?docID=4618898
|z Click to View
|